[Event "Belgrade Serbia op"]
[Site "Belgrade"]
[Date "2023.07.16"]
[Round "1"]
[White "Henriquez Villagra, Cristobal"]
[Black "Saravanan, Venkat"]
[Result "1-0"]
[WhiteElo "2618"]
[BlackElo "2298"]
[PlyCount "83"]
[EventDate "2023.07.16"]
[EventType "swiss"]
[EventRounds "9"]
[EventCountry "SRB"]
[SourceTitle "CBM 215 Extra"]
[Source "ChessBase"]
[SourceDate "2023.09.30"]
[SourceVersion "1"]
[SourceVersionDate "2023.09.30"]
[SourceQuality "1"]

1. e4 c5 2. Nf3 d6 3. Bb5+ Nd7 4. d4 cxd4 5. Qxd4 a6 6. Be2 Ngf6 7. 0-0 e6 8. c4 Be7 9. Nc3 0-0 10. h3 b6 11. a3 Nc5 12. Nd2 e5 13. Qe3 Nfd7 14. Bg4 Bg5 15. Qe2 Nf6 16. Bxc8 Rxc8 17. Rb1 Qd7 18. b3 Qb7 19. Re1 Rfd8 20. a4 h6 21. g3 Ne6 22. Nf3 Bxc1 23. Rbxc1 a5 24. Kh2 Kf8 25. Qd1 Nc5 26. Qc2 Qc6 27. Re3 Qb7 28. Rce1 Kg8 29. Nh4 Ne6 30. Qd1 Qd7 31. Kg2 Nd4 32. Rd3 Qc6 33. f4 Nd7 34. Nd5 Re8 35. Rxd4 exd4 36. Nf5 Kf8 37. Qxd4 f6 38. Re3 Re6 39. Qd1 Qb7 40. Nd4 Ree8 41. Nb5 Qc6 42. Na7 1-0

[Event "Chennai op 11th"]
[Site "Chennai"]
[Date "2019.01.21"]
[Round "5"]
[White "Aleksandrov, Aleksej"]
[Black "Saravanan, Venkat"]
[Result "1-0"]
[WhiteElo "2582"]
[BlackElo "2318"]
[PlyCount "91"]
[EventDate "2019.01.18"]
[EventType "swiss"]
[EventRounds "10"]
[EventCountry "IND"]
[SourceTitle "CBM 188 Extra"]
[Source "ChessBase"]
[SourceDate "2019.02.26"]
[SourceVersion "1"]
[SourceVersionDate "2019.02.26"]
[SourceQuality "1"]

1. d4 Nf6 2. c4 g6 3. Nc3 Bg7 4. e4 d6 5. h3 0-0 6. Be3 Na6 7. Nf3 c6 8. Be2 e5 9. d5 cxd5 10. cxd5 Nh5 11. a3 Bd7 12. Nd2 Nf4 13. Bf1 f5 14. g3 Ng2+ 15. Bxg2 f4 16. Qe2 fxe3 17. Qxe3 h5 18. h4 Rc8 19. Bf1 Kh7 20. Nf3 Nc5 21. Ng5+ Kg8 22. Rb1 Bh6 23. Be2 Nb3 24. 0-0 Bh3 25. Rfd1 Nd4 26. f4 Bxg5 27. hxg5 Qb6 28. Kh2 Nxe2 29. Qxb6 axb6 30. Kxh3 Nxc3 31. bxc3 exf4 32. Rd3 Rc4 33. Rxb6 f3 34. Rd1 Rxe4 35. Rxd6 Kg7 36. Rd7+ Kg8 37. Rxb7 Re3 38. Rb6 Kg7 39. Rf6 Rxc3 40. d6 Rd8 41. Re1 Rd3 42. Ree6 f2 43. Kg2 f1Q+ 44. Kxf1 Rxg3 45. Re7+ Kh8 46. d7 1-0

[Event "Chennai op 11th"]
[Site "Chennai"]
[Date "2019.01.19"]
[Round "3"]
[White "Popov, Ivan1111"]
[Black "Saravanan, Venkat"]
[Result "1/2-1/2"]
[WhiteElo "2588"]
[BlackElo "2318"]
[PlyCount "93"]
[EventDate "2019.01.18"]
[EventType "swiss"]
[EventRounds "10"]
[EventCountry "IND"]
[SourceTitle "CBM 188 Extra"]
[Source "ChessBase"]
[SourceDate "2019.02.26"]
[SourceVersion "1"]
[SourceVersionDate "2019.02.26"]
[SourceQuality "1"]

1. e4 e6 2. d4 d5 3. Nd2 Nf6 4. e5 Nfd7 5. Bd3 c5 6. c3 Nc6 7. Ne2 cxd4 8. cxd4 f6 9. exf6 Nxf6 10. 0-0 Bd6 11. Nf3 Qc7 12. h3 0-0 13. Be3 Bd7 14. Re1 Be8 15. Ng5 Bf7 16. Rc1 Kh8 17. a3 Bg8 18. b4 a6 19. Qd2 Rae8 20. f4 h6 21. Nf3 Bh7 22. Bxh7 Kxh7 23. Ne5 Bxe5 24. dxe5 Ne4 25. Qc2 Kg8 26. Nd4 g5 27. fxg5 hxg5 28. Nxc6 bxc6 29. Qxc6 Qxe5 30. Qxa6 g4 31. hxg4 d4 32. Qd3 dxe3 33. Qxe3 Qf6 34. Rf1 Qg6 35. Rxf8+ Rxf8 36. Re1 Qf6 37. b5 Nc3 38. g5 Qf5 39. b6 Nd5 40. Qxe6+ Qxe6 41. Rxe6 Rb8 42. a4 Nxb6 43. a5 Nd5 44. a6 Ra8 45. Re5 Nb4 46. Ra5 Rxa6 47. Rxa6 1/2-1/2

[Event "Dieren op"]
[Site "Dieren"]
[Date "2018.08.01"]
[Round "8"]
[White "Evengroen, Henk Jan"]
[Black "Saravanan, Venkat"]
[Result "0-1"]
[WhiteElo "2160"]
[BlackElo "2326"]
[PlyCount "80"]
[EventDate "2018.07.24"]
[EventType "tourn"]
[EventRounds "9"]
[EventCountry "NED"]
[SourceTitle "CBM 185 Extra"]
[Source "ChessBase"]
[SourceDate "2018.07.29"]
[SourceVersion "1"]
[SourceVersionDate "2018.07.29"]
[SourceQuality "1"]

1. d4 Nf6 2. c4 e6 3. Nc3 Bb4 4. e3 0-0 5. Bd3 c5 6. Nf3 d5 7. 0-0 Nc6 8. a3 Bxc3 9. bxc3 dxc4 10. Bxc4 Qc7 11. Bb2 e5 12. Be2 Rd8 13. Qc2 Bg4 14. h3 Bh5 15. Nxe5 Bxe2 16. Qxe2 Nxe5 17. dxe5 Qxe5 18. c4 Qe6 19. Rfd1 b6 20. Qf3 Ne4 21. Qf4 Qxc4 22. f3 Qe2 23. Rxd8+ Rxd8 24. Rb1 Nc3 25. Bxc3 Qc2 26. Bxg7 Qxb1+ 27. Kh2 Qg6 28. Bf6 Re8 29. Qd6 Rf8 30. Qe5 h6 31. f4 Kh7 32. f5 Qg8 33. g4 Ra8 34. Qe4 Qe8 35. Be7 f6 36. Qb7 Qb8+ 37. Qxb8 Rxb8 38. Bxf6 Re8 39. g5 hxg5 40. Bxg5 Re5 0-1

[Event "Leiden op-A 12th"]
[Site "Leiden"]
[Date "2018.07.16"]
[Round "4"]
[White "Himanshu, Sharma"]
[Black "Saravanan, Venkat"]
[Result "1-0"]
[WhiteElo "2420"]
[BlackElo "2326"]
[PlyCount "51"]
[EventDate "2018.07.13"]
[EventType "swiss"]
[EventRounds "9"]
[EventCountry "NED"]
[SourceTitle "CBM 185 Extra"]
[Source "ChessBase"]
[SourceDate "2018.07.29"]
[SourceVersion "1"]
[SourceVersionDate "2018.07.29"]
[SourceQuality "1"]

1. e4 e6 2. d4 d5 3. Nd2 Nf6 4. e5 Nfd7 5. c3 c5 6. f4 Nc6 7. Ndf3 Qb6 8. g3 Be7 9. Kf2 cxd4 10. cxd4 f6 11. Kg2 g5 12. Ne2 g4 13. Ne1 0-0 14. Nd3 fxe5 15. fxe5 Rf3 16. h3 Ndxe5 17. Nxe5 Nxe5 18. hxg4 Rf7 19. dxe5 Qf2+ 20. Kh3 h5 21. Nf4 hxg4+ 22. Qxg4+ Rg7 23. Ng6 Rh7+ 24. Nh4+ Rg7 25. Qf3 Qd4 26. Bh6 1-0

[Event "Cappelle op 34th"]
[Site "Cappelle la Grande"]
[Date "2018.03.08"]
[Round "7.4"]
[White "Nikolov, Momchil"]
[Black "Saravanan, Venkat"]
[Result "1-0"]
[WhiteElo "2532"]
[BlackElo "2326"]
[PlyCount "47"]
[EventDate "2018.03.03"]
[EventType "swiss"]
[EventRounds "9"]
[EventCountry "FRA"]
[SourceTitle "EXT 2019"]
[Source "ChessBase"]
[SourceDate "2018.10.10"]
[SourceVersion "1"]
[SourceVersionDate "2018.10.10"]
[SourceQuality "1"]

1. d4 Nf6 2. c4 g6 3. Nc3 Bg7 4. e4 d6 5. f3 0-0 6. Be3 e5 7. Nge2 c6 8. Qd2 Nbd7 9. d5 cxd5 10. cxd5 a6 11. g4 h5 12. g5 Nh7 13. Rg1 f6 14. gxf6 Rxf6 15. 0-0-0 b5 16. b3 Nc5 17. Bxc5 dxc5 18. d6 Be6 19. Nd5 Bxd5 20. Qxd5+ Kh8 21. d7 Ra7 22. Bh3 Rxf3 23. Rxg6 Nf6 24. Qf7 1-0

[Event "Cappelle op 34th"]
[Site "Cappelle la Grande"]
[Date "2018.03.07"]
[Round "6.9"]
[White "Saravanan, Venkat"]
[Black "Sochacki, Christophe"]
[Result "1-0"]
[WhiteElo "2326"]
[BlackElo "2465"]
[PlyCount "67"]
[EventDate "2018.03.03"]
[EventType "swiss"]
[EventRounds "9"]
[EventCountry "FRA"]
[SourceTitle "EXT 2019"]
[Source "ChessBase"]
[SourceDate "2018.10.10"]
[SourceVersion "1"]
[SourceVersionDate "2018.10.10"]
[SourceQuality "1"]

1. Nf3 Nf6 2. c4 e6 3. Nc3 Bb4 4. Qc2 0-0 5. a3 Bxc3 6. Qxc3 b6 7. e3 Bb7 8. Be2 Ne4 9. Qc2 Ng5 10. b3 c5 11. Bb2 Nxf3+ 12. gxf3 d5 13. Rg1 d4 14. 0-0-0 Nc6 15. Rg3 f5 16. f4 Rf7 17. Bf3 Na5 18. Bxb7 Rxb7 19. exd4 cxd4 20. Qd3 Rd7 21. Kb1 Qc7 22. Qf3 Qc6 23. Qe2 Re8 24. Rdg1 g6 25. h4 Kf7 26. h5 Ke7 27. hxg6 hxg6 28. Ka2 b5 29. Qe5 Qd6 30. Qxd6+ Rxd6 31. cxb5 Rc8 32. Rxg6 Rb6 33. a4 e5 34. Rg7+ 1-0

[Event "Cappelle op 34th"]
[Site "Cappelle la Grande"]
[Date "2018.03.05"]
[Round "4.9"]
[White "Saravanan, Venkat"]
[Black "Bailet, Pierre"]
[Result "1/2-1/2"]
[WhiteElo "2326"]
[BlackElo "2511"]
[PlyCount "40"]
[EventDate "2018.03.03"]
[EventType "swiss"]
[EventRounds "9"]
[EventCountry "FRA"]
[SourceTitle "EXT 2019"]
[Source "ChessBase"]
[SourceDate "2018.10.10"]
[SourceVersion "1"]
[SourceVersionDate "2018.10.10"]
[SourceQuality "1"]

1. Nf3 Nf6 2. c4 g6 3. Nc3 Bg7 4. e4 d6 5. d4 0-0 6. Be2 e5 7. Be3 Nbd7 8. 0-0 Qe7 9. dxe5 dxe5 10. Nd5 Qd8 11. Nd2 c6 12. Nxf6+ Nxf6 13. c5 Be6 14. h3 Qe7 15. Qc2 Nd7 16. b4 f5 17. f3 Nf6 18. Bc4 Kh8 19. Rad1 Nh5 20. Kh2 Qf6 1/2-1/2

[Event "Gibraltar Masters 15th"]
[Site "Caleta"]
[Date "2017.01.31"]
[Round "8"]
[White "Saravanan, Venkat"]
[Black "Liang, Awonder"]
[Result "1-0"]
[WhiteElo "2306"]
[BlackElo "2496"]
[PlyCount "79"]
[EventDate "2017.01.24"]
[EventType "swiss"]
[EventRounds "10"]
[EventCountry "GGB"]
[SourceTitle "CBM 177"]
[Source "ChessBase"]
[SourceDate "2017.03.16"]
[SourceVersion "1"]
[SourceVersionDate "2017.03.16"]
[SourceQuality "1"]

1. Nf3 Nf6 2. c4 b6 3. g3 Bb7 4. Bg2 g6 5. 0-0 Bg7 6. Nc3 0-0 7. Re1 Ne4 8. Nxe4 Bxe4 9. d3 Bb7 10. d4 Be4 11. Bh3 e6 12. Ng5 Bb7 13. d5 exd5 14. cxd5 c5 15. Rb1 d6 16. Ne4 Re8 17. Bg2 Qe7 18. Bg5 f6 19. Bf4 Rd8 20. g4 Bc8 21. h3 h5 22. gxh5 g5 23. Bd2 Nd7 24. Ng3 Ne5 25. Qc2 Qf7 26. Kh2 g4 27. f4 gxf3 28. exf3 Qxd5 29. h6 Bh8 30. Rxe5 dxe5 31. Qg6+ Kf8 32. f4 Qxd2 33. Qh7 exf4 34. Qxh8+ Ke7 35. Qg7+ Ke6 36. Ne4 Qd4 37. Re1 f3 38. Bxf3 Bd7 39. Nc3+ Kd6 40. Nb5+ 1-0

[Event "Rilton Cup 46th"]
[Site "Stockholm"]
[Date "2017.01.05"]
[Round "9"]
[White "Dahl, Trygve"]
[Black "Saravanan, Venkat"]
[Result "1-0"]
[WhiteElo "2140"]
[BlackElo "2306"]
[PlyCount "81"]
[EventDate "2016.12.27"]
[EventType "swiss"]
[EventRounds "9"]
[EventCountry "SWE"]
[SourceTitle "CBM 176 Extra"]
[Source "ChessBase"]
[SourceDate "2017.03.02"]
[SourceVersion "1"]
[SourceVersionDate "2017.03.02"]
[SourceQuality "1"]

1. e4 c5 2. c3 Nf6 3. d3 Nc6 4. f4 d6 5. Be2 g6 6. Nf3 Bg7 7. 0-0 0-0 8. Na3 Rb8 9. Nc2 b5 10. Ne3 e6 11. Qe1 d5 12. e5 Nd7 13. Qg3 b4 14. Qh3 bxc3 15. bxc3 Qe7 16. g4 f6 17. d4 cxd4 18. cxd4 fxe5 19. dxe5 Nb6 20. Ng2 Nc4 21. Ngh4 Ba6 22. Ng5 Bh8 23. Bd3 Nd4 24. Rd1 Nxe5 25. Bxa6 Nc2 26. fxe5 Nxa1 27. Bd3 Rb7 28. Bxg6 hxg6 29. Nxg6 Qg7 30. Nxf8 Qxf8 31. Rf1 Qe8 32. Ba3 Bxe5 33. Rf8+ Qxf8 34. Bxf8 Rb1+ 35. Kf2 Rb2+ 36. Kf1 Rb1+ 37. Ke2 Rb2+ 38. Kd3 Rxh2 39. Qf3 Nc2 40. Qf7+ Kh8 41. Bg7+ 1-0

[Event "Rilton Cup 46th"]
[Site "Stockholm"]
[Date "2016.12.30"]
[Round "4"]
[White "Saravanan, Venkat"]
[Black "Grafl, Florian"]
[Result "1/2-1/2"]
[WhiteElo "2306"]
[BlackElo "2394"]
[PlyCount "131"]
[EventDate "2016.12.27"]
[EventType "swiss"]
[EventRounds "9"]
[EventCountry "SWE"]
[SourceTitle "CBM 176 Extra"]
[Source "ChessBase"]
[SourceDate "2017.03.02"]
[SourceVersion "1"]
[SourceVersionDate "2017.03.02"]
[SourceQuality "1"]

1. Nf3 b5 2. e4 Bb7 3. Bxb5 Bxe4 4. 0-0 c6 5. Ba4 Qa5 6. Nc3 Bg6 7. d4 e6 8. Ne5 Bb4 9. Nc4 Qa6 10. Bb3 d5 11. Ne5 Ne7 12. Bf4 0-0 13. Na4 f6 14. Nxg6 Nxg6 15. Bg3 f5 16. f3 Nd7 17. Rc1 Nb6 18. Nxb6 axb6 19. c4 b5 20. cxd5 cxd5 21. Qd3 Qb6 22. Bc7 Qb7 23. Rc2 Rfc8 24. Rfc1 Be7 25. Qe3 Nf8 26. Rc6 Ra6 27. Rxa6 Qxa6 28. Bxd5 f4 29. Qe4 exd5 30. Qxe7 Qa7 31. Rc5 Qxa2 32. h3 Qa7 33. Bd6 Qxe7 34. Bxe7 Rxc5 35. dxc5 Ng6 36. Bd6 Kf7 37. c6 Ke6 38. c7 Kd7 39. Kf2 d4 40. Ke2 Nh4 41. Bxf4 Nxg2 42. Be5 g5 43. Bg3 Ne3 44. Kd3 Nf5 45. Bh2 Nh4 46. f4 Nf3 47. Bg3 Kxc7 48. Ke4 Ng1 49. fxg5+ Kd7 50. h4 Ke6 51. Bf2 Ne2 52. b4 d3 53. Kxd3 Nf4+ 54. Ke4 Nd5 55. Be1 Nb6 56. h5 Nd7 57. Bc3 Nf8 58. Bb2 Nd7 59. Bd4 Nf8 60. Bc3 Nd7 61. g6 hxg6 62. hxg6 Nb8 63. g7 Kf7 64. Kd5 Na6 65. Kc6 Nxb4+ 66. Bxb4 1/2-1/2

[Event "Rilton Cup 46th"]
[Site "Stockholm"]
[Date "2016.12.28"]
[Round "2"]
[White "Saravanan, Venkat"]
[Black "Ask, Josef"]
[Result "1-0"]
[WhiteElo "2306"]
[BlackElo "2201"]
[PlyCount "67"]
[EventDate "2016.12.27"]
[EventType "swiss"]
[EventRounds "9"]
[EventCountry "SWE"]
[SourceTitle "CBM 176 Extra"]
[Source "ChessBase"]
[SourceDate "2017.03.02"]
[SourceVersion "1"]
[SourceVersionDate "2017.03.02"]
[SourceQuality "1"]

1. Nf3 Nf6 2. c4 g6 3. Nc3 Bg7 4. e4 d6 5. d4 0-0 6. Be2 e5 7. Be3 Ng4 8. Bg5 f6 9. Bh4 g5 10. Bg3 Nh6 11. h3 Nc6 12. d5 Ne7 13. Qd2 Ng6 14. 0-0-0 Nf7 15. Nh2 f5 16. exf5 Bxf5 17. Bg4 Bxg4 18. hxg4 e4 19. Nxe4 Nge5 20. Qc2 b5 21. cxb5 a6 22. bxa6 Rxa6 23. Nf3 Ng6 24. Nc3 Qa8 25. Kb1 Rb8 26. Nd4 Rab6 27. Nb3 Rb4 28. f3 Qa6 29. Rde1 Ra8 30. Re6 Nfh8 31. Rhe1 Ne5 32. Bxe5 Bxe5 33. R1xe5 Rxb3 34. Rxg5+ 1-0

[Event "Barcelona Sants op-A18th"]
[Site "Barcelona"]
[Date "2016.08.20"]
[Round "2"]
[White "Saravanan, Venkat"]
[Black "Timofeev, Artyom"]
[Result "0-1"]
[WhiteElo "2281"]
[BlackElo "2596"]
[PlyCount "48"]
[EventDate "2016.08.19"]
[EventType "swiss"]
[EventRounds "10"]
[EventCountry "ESP"]
[SourceTitle "CBM 174 Extra"]
[Source "ChessBase"]
[SourceDate "2016.10.10"]
[SourceVersion "1"]
[SourceVersionDate "2016.10.10"]
[SourceQuality "1"]

1. Nf3 Nf6 2. c4 e6 3. Nc3 d5 4. d4 c6 5. e3 Nbd7 6. Qc2 Bd6 7. Bd3 dxc4 8. Bxc4 0-0 9. 0-0 a6 10. a4 c5 11. dxc5 Bxc5 12. Rd1 b6 13. b3 Bb7 14. Bb2 Qe7 15. Qe2 Ng4 16. Bd3 f5 17. Bc2 Rac8 18. h3 Bxf3 19. Qxf3 Nde5 20. Qe2 Qh4 21. hxg4 Nxg4 22. Qf3 f4 23. Rd4 Qh2+ 24. Kf1 Nxe3+ 0-1